000
00456nam a2200181Ia 4500
008
090124s9999 xx 000 0 und d
082
_b
126657
100
_a
साठे माया
245
_a
जन्मगाठ
250
_a
1
260
_c
1989
300
_a
191
600
_a
साठे माया
630
_a
जन्मगाठ
700
_a
साठे माया
730
_a
जन्मगाठ
942
_c
BOOK
999
_c
172747
_d
172747